| 000 | 00540nam a2200145Ia 4500 | ||
|---|---|---|---|
| 001 | IA_1541,21/10/2002,28/04/2011,5222271970 it admn8225223322eng16," | ||
| 008 | 220117s xx 000 0 und d | ||
| 010 | _a180929 | ||
| 082 | _a641.4 F66 1970 | ||
| 110 |
_aUK. Ministry of Overseas Developement. Tropical Stored Products Centre _9150965 |
||
| 245 |
_aFood storage manual / _c Tropical Stored Products Centre |
||
| 260 |
_aItalia : _bWorld Food Programme, |
||
| 300 | _a3 v. | ||
| 504 | _aIncluye bibliografías | ||
| 999 |
_c180929 _d180929 |
||